000 00443nam a2200181Ia 4500
001 3796
005 20260306145709.0
008 260306t2013||||xx |||||||||||||| ||spa||
041 _aESP
082 _a303.483
_bS13
100 _aSacristán, Ana
_eAUT
245 0 _aSociedad del conocimiento, tecnología y educación
260 _c2013
300 _a318 páginas :
_c24 cm.
650 _aGEN
654 _aCHU
942 _cLIB
_dJUS
_fJUS
_2ddc
_n
999 _c3796
_d3796